[Event "Oberliga Baden 2122"]
[Site "Germany"]
[Date "2022.05.14"]
[Round "5.7"]
[White "Hecht, Jonas Christian"]
[Black "Vatter, Hans Joachim"]
[Result "1/2-1/2"]
[WhiteElo "1968"]
[BlackElo "2222"]
[PlyCount "56"]
[EventDate "2021.10.10"]
[EventType "team-tourn"]
[EventRounds "11"]
[EventCountry "GER"]
[SourceTitle "EXT 2023"]
[Source "ChessBase"]
[SourceDate "2022.10.05"]
[SourceVersion "1"]
[SourceVersionDate "2022.10.05"]
[SourceQuality "1"]
[WhiteTeam "Brombach"]
[BlackTeam "Emmendingen"]
[WhiteTeamCountry "GER"]
[BlackTeamCountry "GER"]

1. e4 d5 2. exd5 Qxd5 3. Nc3 Qd6 4. d4 Nf6 5. Nf3 c6 6. Be2 Bg4 7. 0-0 Nbd7 8. Re1 e6 9. Be3 Qc7 10. a3 Bd6 11. h3 Bxf3 12. Bxf3 0-0 13. Qd2 Rfe8 14. Rad1 Rad8 15. Ne4 Nxe4 16. Bxe4 Nf6 17. Bf3 Nd5 18. c4 Nxe3 19. Qxe3 Bh2+ 20. Kf1 Bf4 21. Qd3 Bg5 22. d5 exd5 23. Rxe8+ Rxe8 24. cxd5 cxd5 25. g3 Bf6 26. Bxd5 Bxb2 27. Qb3 Bf6 28. Qxb7 Qxb7 1/2-1/2

[Event "GER-ch rapid 46th"]
[Site "Plochingen"]
[Date "2020.09.19"]
[Round "2"]
[White "Muranyi, Karl Jasmin"]
[Black "Vatter, Hans Joachim"]
[Result "1/2-1/2"]
[WhiteElo "2331"]
[BlackElo "2221"]
[PlyCount "38"]
[EventDate "2020.09.19"]
[EventType "swiss"]
[EventRounds "9"]
[EventCountry "GER"]
[SourceTitle "CBM 198 Extra"]
[Source "ChessBase"]
[SourceDate "2020.11.30"]
[SourceVersion "1"]
[SourceVersionDate "2020.11.30"]
[SourceQuality "1"]

1. c4 e5 2. Nc3 Bb4 3. g3 Bxc3 4. dxc3 d6 5. Bg2 Nf6 6. Nf3 Qe7 7. 0-0 0-0 8. Ne1 Nbd7 9. Nc2 e4 10. Bg5 h6 11. Bxf6 Nxf6 12. Ne3 Re8 13. h3 a6 14. a4 a5 15. Qd4 Bd7 16. b3 Qe5 17. Qxe5 Rxe5 18. Rfd1 g6 19. Rd4 Ra6 1/2-1/2

[Event "GER Cup Net Final-A U2400"]
[Site "Playchess.com INT"]
[Date "2020.06.06"]
[Round "13"]
[White "Vatter, Hans Joachim"]
[Black "Koellner, Ruben Gideon"]
[Result "1/2-1/2"]
[WhiteElo "2090"]
[BlackElo "2044"]
[PlyCount "119"]
[EventDate "2020.06.06"]
[EventType "swiss (blitz)"]
[EventRounds "13"]
[EventCountry "GER"]
[SourceTitle "CBM 197 Extra"]
[Source "ChessBase"]
[SourceDate "2020.09.30"]
[SourceVersion "1"]
[SourceVersionDate "2020.09.30"]
[SourceQuality "1"]

1. e4 d6 2. d4 Nf6 3. Nc3 e5 4. dxe5 dxe5 5. Qxd8+ Kxd8 6. Bc4 Be6 7. Bxe6 fxe6 8. f3 Bd6 9. Nh3 Ke7 10. Nf2 Nbd7 11. Be3 a6 12. a4 h6 13. h4 Nh5 14. Nd3 Nf4 15. g3 Nxd3+ 16. cxd3 Rhf8 17. Ke2 Nc5 18. a5 Nb3 19. Ra4 Rad8 20. Rd1 Rf7 21. Rf1 Bc5 22. Bxc5+ Nxc5 23. Rc4 b6 24. b4 Nb3 25. Rxc7+ Ke8 26. axb6 Nd4+ 27. Ke3 Rxc7 28. bxc7 Rc8 29. Ne2 Nc2+ 30. Kd2 Nxb4 31. f4 Rxc7 32. fxe5 Rc2+ 33. Ke3 a5 34. Ra1 Rc5 35. Ra4 Rxe5 36. Nd4 Kf7 37. Nb3 Nc6 38. d4 Rb5 39. Nc5 e5 40. d5 Rxc5 41. dxc6 Rxc6 42. Rxa5 Rc3+ 43. Kf2 Kf6 44. Ra6+ Kf7 45. Rd6 h5 46. Rd8 Rc6 47. Rd5 Kf6 48. Kg2 Rc2+ 49. Kf3 Rc3+ 50. Kf2 Ke6 51. Ra5 Kf6 52. Ra6+ Kf7 53. Ra8 g6 54. Ra6 Rc2+ 55. Kf3 Rc3+ 56. Kg2 Rc2+ 57. Kf3 Rc3+ 58. Kf2 Rc2+ 59. Ke3 Rc3+ 60. Kf2 1/2-1/2